000 00312nam a22001337a 4500
008 170712b xxu||||| |||| 00| 0 eng d
020 _a9780810391659
041 _aeng
080 _a030
100 _a23
101 _aENC
245 _aGALE ENCYCLOPEDIA MULTICULTURAL AMERICA
_cVECOLI.R.J
942 _2udc
_cBK
999 _c20396
_d20396